Random Indonesian Islands #3 - Statistics

General Stats
  • This quiz has been taken 20 times
  • The average score is 5 of 10
Answers on the Map
Answers color-coded by a green-red scale on the quiz's map according to % correct below.
 
Answer Stats
Island % Correct
Java
100%
Halmahera
65%
Sumba
65%
Yos Sudarso
65%
Buton
59%
Sumbawa
53%
Bintan
35%
Yapen
35%
North Pagai
12%
Laut
6%
No matching quizzes found
Score Distribution
Percent of People with Each Score
Percentile by Number Answered
Your Score History
You have not taken this quiz